| 000 | 01081nam a2200241Ia 4500 | ||
|---|---|---|---|
| 003 | IN-BaIIA | ||
| 008 | 211028s9999 xx 000 0 eng d | ||
| 040 | _cIIA Library | ||
| 080 |
_a52-74(082.2) _bCHA |
||
| 111 |
_aSymposium on the Universe at Ultraviolet Wavelengths the First Two Years of International Ultraviolet Explorer _cMaryland _d1980 May 7-9 _912884 |
||
| 245 | 4 |
_aThe universe at ultraviolet wavelengths the first two years of International ultraviolet explorer _bproceedings of a symposium held at Maryland, USA, 7-9 May 1980 _cedited by R. D. Chapman |
|
| 260 |
_aWashington _bNational Aeronautics and Space Administration _c1981 |
||
| 300 | _axiii, 824p. | ||
| 490 | _aNASA conference publication; 271 | ||
| 500 | _aDonated by Mrs. Bappu | ||
| 650 |
_aAstronomy _980 |
||
| 650 | _aAstronomy and astrophysics thesaurus | ||
| 650 |
_aSpace astronomy _93005 |
||
| 650 |
_aUltra-violet astronomy _911718 |
||
| 700 |
_aChapman, R. D., ed. _912885 |
||
| 710 |
_aNational Aeronautics and Space Administration _94960 |
||
| 942 | _cBK | ||
| 999 |
_c7614 _d7614 |
||